Animals Word scramble - Statistics

General Stats
  • This quiz has been taken 195 times
  • The average score is 10 of 11
Answer Stats
Hint Answer % Correct
EBE Bee
100%
GDO dog
100%
OWC cow
99%
ABBRIT rabbit
99%
GTIER Tiger
99%
OLIN Lion
98%
ARBZE Zebra
96%
OSEMU Mouse
94%
NAPAD panda
94%
RSKAH shark
86%
CLAME camel
82%
No matching quizzes found
Score Distribution
Percent of People with Each Score
Percentile by Number Answered
Your Score History
You have not taken this quiz